[Event "Campeonato del Mundo Sub-20 2007 Fem."]
[Site "Yerevan ARM"]
[Date "2007.10.14"]
[Round "11.9"]
[White "Bokuchava, Madona"]
[Black "Gomes, Mary Ann"]
[Result "1/2-1/2"]
[WhiteElo "2130"]
[BlackElo "2262"]
[PlyCount "95"]
[EventDate "2007.10.03"]
[EventType "swiss"]
[EventRounds "13"]
[EventCountry "ARM"]
[Source "lmi"]
[SourceDate "2007.10.03"]

1. d4 Nf6 2. c4 e6 3. Nf3 b6 4. g3 Bb7 5. Bg2 Be7 6. Nc3 O-O 7. Qc2 d6 8. O-O
Nbd7 9. e4 c5 10. d5 exd5 11. exd5 Re8 12. Re1 Nf8 13. Nh4 Bc8 14. Nf5 Bxf5 15.
Qxf5 Ng6 16. Bd2 a6 17. b3 Qd7 18. Bh3 Qxf5 19. Bxf5 Ne5 20. Kg2 g6 21. Bc2 Bf8
22. a4 Reb8 23. f4 Ned7 24. Bd3 Ne8 25. Ne4 Bg7 26. Ra2 Ndf6 27. Nxf6+ Bxf6 28.
g4 h6 29. g5 hxg5 30. fxg5 Be5 31. Rf1 Ra7 32. Bf4 Bxf4 33. Rxf4 Re7 34. Raf2
Ng7 35. Rf6 Rd8 36. h4 Nh5 37. R6f3 Rdd7 38. Bc2 Re1 39. Bd3 Rde7 40. Rf1 Rxf1
41. Kxf1 Ng7 42. Kf2 Ne8 43. Rf4 Re5 44. Rf3 Kg7 45. Rg3 Kf8 46. Rf3 Ke7 47.
Rf4 a5 48. Kf3 1/2-1/2

[Event "Campeonato del Mundo Sub-20 2007 Fem."]
[Site "Yerevan ARM"]
[Date "2007.10.14"]
[Round "11.10"]
[White "Soumya, Swaminathan"]
[Black "Martirosian, Lia"]
[Result "1-0"]
[WhiteElo "2244"]
[BlackElo "2121"]
[PlyCount "53"]
[EventDate "2007.10.03"]
[EventType "swiss"]
[EventRounds "13"]
[EventCountry "ARM"]
[Source "lmi"]
[SourceDate "2007.10.03"]

1. e4 c6 2. d4 d5 3. f3 e6 4. Nc3 Bb4 5. Bf4 Nf6 6. Qd3 Nbd7 7. e5 Ng8 8. a3
Ba5 9. Nge2 Ne7 10. g4 c5 11. Bg3 Rb8 12. dxc5 Nxc5 13. Qe3 Na4 14. O-O-O Nxc3
15. Nxc3 a6 16. Ne4 Qc7 17. Nf6+ Kf8 18. Bd3 Ng6 19. Bxg6 hxg6 20. Nxd5 Qc4 21.
b3 Qc6 22. Qa7 Bc7 23. Nxc7 Qxc7 24. Rd4 Qc3 25. Kb1 Ke7 26. Rhd1 Qc7 27. Rc4
1-0

[Event "Campeonato del Mundo Sub-20 2007 Fem."]
[Site "Yerevan ARM"]
[Date "2007.10.14"]
[Round "11.11"]
[White "Borosova, Zuzana"]
[Black "Hakimifard, Ghazal"]
[Result "0-1"]
[WhiteElo "2233"]
[BlackElo "2102"]
[PlyCount "110"]
[EventDate "2007.10.03"]
[EventType "swiss"]
[EventRounds "13"]
[EventCountry "ARM"]
[Source "lmi"]
[SourceDate "2007.10.03"]

1. e4 e5 2. Nf3 Nc6 3. Bb5 a6 4. Ba4 Nf6 5. O-O Be7 6. d3 b5 7. Bb3 d6 8. a4 b4
9. Re1 O-O 10. Nbd2 Be6 11. Nc4 a5 12. h3 Nd7 13. Ba2 Bf6 14. Ne3 Nc5 15. Nd5
Rb8 16. c3 b3 17. Bb1 Bxd5 18. exd5 Ne7 19. d4 exd4 20. Nxd4 Qd7 21. Qf3 Rfe8
22. Be3 Ng6 23. Bf5 Nh4 24. Qg4 Nxf5 25. Nxf5 Re4 26. Qf3 Rbe8 27. Reb1 Nxa4
28. Ra3 Nb6 29. Rxa5 Na4 30. Ng3 R4e7 31. Nh5 Be5 32. Bd2 Nb6 33. Be3 Nc4 34.
Ra7 Nxe3 35. fxe3 g6 36. Nf4 Qb5 37. Ra3 Bg7 38. Re1 Qb6 39. Kf2 Bxc3 40. bxc3
b2 41. c4 b1=Q 42. Rxb1 Qxb1 43. Qe2 Qb4 44. Rd3 Qxc4 45. g3 Ra8 46. Rd2 Qc5
47. Rb2 Ree8 48. Rb3 Ra1 49. Qb2 Qa5 50. Qe2 Rh1 51. Kg2 Qa1 52. h4 Qg1+ 53.
Kf3 Rh2 54. Qd3 Qf2+ 55. Kg4 h5+ 0-1

[Event "Campeonato del Mundo Sub-20 2007 Fem."]
[Site "Yerevan ARM"]
[Date "2007.10.14"]
[Round "11.12"]
[White "Kharatyan, Anahit"]
[Black "Airapetian, Tatevik"]
[Result "1-0"]
[WhiteElo "2102"]
[BlackElo "2193"]
[PlyCount "39"]
[EventDate "2007.10.03"]
[EventType "swiss"]
[EventRounds "13"]
[EventCountry "ARM"]
[Source "lmi"]
[SourceDate "2007.10.03"]

1. e4 c5 2. Nc3 d6 3. g3 g6 4. Bg2 Bg7 5. d3 Nc6 6. Nh3 e5 7. O-O Nge7 8. f4
O-O 9. f5 gxf5 10. exf5 Bxf5 11. Rxf5 Nxf5 12. Be4 Qf6 13. Nd5 Qg6 14. g4 Ncd4
15. c3 Qe6 16. gxf5 Nxf5 17. Bxf5 Qxd5 18. Be4 Qe6 19. Bxh7+ Kh8 20. Qh5 1-0

[Event "Campeonato del Mundo Sub-20 2007 Fem."]
[Site "Yerevan ARM"]
[Date "2007.10.14"]
[Round "11.13"]
[White "Darbinyan, Nune"]
[Black "Limontaite, Simona"]
[Result "1/2-1/2"]
[WhiteElo "2089"]
[BlackElo "2141"]
[PlyCount "120"]
[EventDate "2007.10.03"]
[EventType "swiss"]
[EventRounds "13"]
[EventCountry "ARM"]
[Source "lmi"]
[SourceDate "2007.10.03"]

1. Nf3 Nf6 2. c4 e6 3. g3 d5 4. d4 dxc4 5. Qa4+ Bd7 6. Qxc4 Bc6 7. Bg2 Nbd7 8.
O-O Nb6 9. Qc2 Be4 10. Qd1 c5 11. dxc5 Bxc5 12. Nc3 Bc6 13. Qxd8+ Rxd8 14. b3
Bb4 15. Bb2 Bxf3 16. Bxf3 Rd2 17. Nd1 O-O 18. Bc3 Bxc3 19. Nxc3 Rd7 20. Rfd1
Re7 21. Rac1 e5 22. Ne4 Nxe4 23. Bxe4 g6 24. b4 Kg7 25. Kf1 f5 26. Bd5 Rd8 27.
Bb3 Red7 28. Rxd7+ Rxd7 29. e3 Kf6 30. Ke2 e4 31. h4 Re7 32. f3 exf3+ 33. Kxf3
Nd7 34. Rc3 Ne5+ 35. Ke2 g5 36. Bc2 gxh4 37. gxh4 Ng6 38. Rc4 h6 39. h5 Ne5 40.
Rf4 Kg5 41. Rxf5+ Kh4 42. a3 b6 43. e4 Nf7 44. Ke3 Ng5 45. Rf6 Re6 46. Rxe6
Nxe6 47. Bb3 Nc7 48. Bf7 Kg5 49. Bg6 Kf6 50. Kd3 Ke5 51. Kc4 Kd6 52. a4 Ke5 53.
Bf5 Kd6 54. Kd4 Ke7 55. e5 Kf7 56. a5 Ke7 57. axb6 axb6 58. Bg4 Na6 59. Kc4 Nc7
60. Kd4 Na6 1/2-1/2

[Event "Campeonato del Mundo Sub-20 2007 Fem."]
[Site "Yerevan ARM"]
[Date "2007.10.14"]
[Round "11.14"]
[White "Tjolsen, Katrine"]
[Black "Kulon, Klaudia"]
[Result "1/2-1/2"]
[WhiteElo "2081"]
[BlackElo "2139"]
[PlyCount "112"]
[EventDate "2007.10.03"]
[EventType "swiss"]
[EventRounds "13"]
[EventCountry "ARM"]
[Source "lmi"]
[SourceDate "2007.10.03"]

1. d4 d5 2. c4 e6 3. Nf3 c6 4. Qc2 dxc4 5. Qxc4 b5 6. Qc2 Bb7 7. e4 a6 8. a4
Nf6 9. Bg5 h6 10. Be3 Qa5+ 11. Bd2 Bb4 12. Bd3 Nbd7 13. O-O Rc8 14. Nc3 Qb6 15.
e5 Nd5 16. a5 Qd8 17. Nxd5 cxd5 18. Qb3 Bxd2 19. Nxd2 Nb8 20. Qd1 Nc6 21. Nb3
Qe7 22. Bb1 Qb4 23. Qd3 g6 24. h4 h5 25. Rd1 Qe7 26. Qg3 O-O 27. Qg5 Qxg5 28.
hxg5 Ba8 29. Bd3 Kg7 30. Kf1 h4 31. Ke2 h3 32. g3 Rh8 33. Rh1 h2 34. f4 Rh3 35.
Kf3 Nb4 36. Rad1 Rhh8 37. Bb1 Rc4 38. Rd2 Nc6 39. Kg2 Ra4 40. Bc2 Nxa5 41. Nxa5
Rxa5 42. Bb3 b4 43. Rdd1 Bc6 44. Rxh2 Rxh2+ 45. Kxh2 Bb5 46. Rc1 Bd3 47. Kg2
Rb5 48. Rc8 Rb6 49. Kf2 a5 50. Ba4 b3 51. Ra8 Be4 52. Ke3 Rb4 53. Rxa5 Rc4 54.
Bxb3 Rb4 55. Ra3 Rb8 56. Bd1 Rxb2 1/2-1/2

[Event "Campeonato del Mundo Sub-20 2007 Fem."]
[Site "Yerevan ARM"]
[Date "2007.10.14"]
[Round "11.15"]
[White "Alaverdyan, Lusine"]
[Black "Khotenashvili, Bela"]
[Result "0-1"]
[WhiteElo "1990"]
[BlackElo "2328"]
[PlyCount "118"]
[EventDate "2007.10.03"]
[EventType "swiss"]
[EventRounds "13"]
[EventCountry "ARM"]
[Source "lmi"]
[SourceDate "2007.10.03"]

1. e4 Nc6 2. Nf3 d6 3. d4 Bg4 4. c3 Nf6 5. Bd3 e5 6. d5 Ne7 7. h3 Bd7 8. Be3
Ng6 9. Nbd2 Be7 10. g3 O-O 11. Qc2 c6 12. c4 Re8 13. Rc1 Rc8 14. Qb1 cxd5 15.
exd5 b5 16. b3 bxc4 17. bxc4 Qa5 18. Kf1 Rb8 19. Nb3 Qa3 20. Nbd2 a5 21. Qa1 a4
22. Nb1 Qb4 23. Nfd2 Qa5 24. Kg2 Rec8 25. Nc3 Ne8 26. f3 f5 27. h4 h6 28. Rc2
Nf6 29. h5 Nh8 30. Qc1 Nf7 31. Be2 Bd8 32. Rb2 Bb6 33. Bxb6 Rxb6 34. Rxb6 Qxb6
35. Qc2 Qa5 36. Bd3 Re8 37. a3 Ng5 38. Be2 Rb8 39. Rb1 Rxb1 40. Ndxb1 Qa7 41.
Qd2 Qc5 42. Nd1 Nf7 43. Qb4 Qd4 44. Qb2 Qa7 45. Nbc3 Nxh5 46. Nb5 Qb6 47. Ndc3
Nxg3 48. Nxa4 Qe3 49. Nac3 f4 50. Bd1 Ng5 51. Qf2 Bh3+ 52. Kg1 Qc1 53. a4 e4
54. fxe4 N5xe4 55. Qd4 Ng5 56. Kf2 Bg4 57. Nxd6 Bxd1 58. Nde4 Qc2+ 59. Nd2 Nf5
0-1

[Event "Campeonato del Mundo Sub-20 2007 Fem."]
[Site "Yerevan ARM"]
[Date "2007.10.14"]
[Round "11.17"]
[White "Rudolf, Anna"]
[Black "Mona, Khaled"]
[Result "1-0"]
[WhiteElo "2273"]
[BlackElo "2004"]
[PlyCount "113"]
[EventDate "2007.10.03"]
[EventType "swiss"]
[EventRounds "13"]
[EventCountry "ARM"]
[Source "lmi"]
[SourceDate "2007.10.03"]

1. e4 e5 2. Nf3 Nc6 3. Bb5 Nge7 4. Nc3 g6 5. d4 Bg7 6. Bg5 h6 7. Be3 a6 8. Bxc6
Nxc6 9. d5 Na5 10. Qd3 b5 11. b3 d6 12. a4 b4 13. Na2 f5 14. Rd1 Rb8 15. exf5
gxf5 16. Nd2 O-O 17. f4 Qe7 18. O-O e4 19. Qe2 Kh7 20. Rfe1 c5 21. dxc6 d5 22.
Bf2 Nxc6 23. Nf3 Rd8 24. Nd4 Nxd4 25. Bxd4 Bxd4+ 26. Rxd4 a5 27. Nc1 Rb6 28.
Nd3 Ba6 29. Qe3 Bxd3 30. Rxd3 Qc7 31. Rd2 Rc6 32. Ree2 Rc3 33. Qf2 Qg7 34. Qd4
Qc7 35. g3 Qc5 36. Kf1 Rxc2 37. Qf6 Rc1+ 38. Kg2 Rf8 39. Qe6 Qg1+ 40. Kh3 Qf1+
41. Rg2 Qf3 42. Qe7+ Kg6 43. Rgf2 Qh5+ 44. Kg2 Rf7 45. Qe6+ Kh7 46. Rxd5 Qg6
47. Qe5 Qc6 48. Rd6 Qb7 49. Qe6 e3+ 50. Rf3 Rc2+ 51. Kh3 Rg7 52. Qxf5+ Kh8 53.
Rd8+ Rg8 54. Rd7 Qxd7 55. Qxd7 e2 56. Re3 Rxg3+ 57. Rxg3 1-0

[Event "Campeonato del Mundo Sub-20 2007 Fem."]
[Site "Yerevan ARM"]
[Date "2007.10.14"]
[Round "11.19"]
[White "Kalashyan, Varduhi"]
[Black "Hegarty, Sarah N"]
[Result "1-0"]
[WhiteElo "2059"]
[BlackElo "1967"]
[PlyCount "195"]
[EventDate "2007.10.03"]
[EventType "swiss"]
[EventRounds "13"]
[EventCountry "ARM"]
[Source "lmi"]
[SourceDate "2007.10.03"]

1. d4 Nf6 2. c4 g6 3. Nc3 d5 4. Bf4 Bg7 5. e3 c5 6. dxc5 Qa5 7. Qa4+ Qxa4 8.
Nxa4 Nc6 9. Rc1 Bf5 10. Nc3 d4 11. Nb5 O-O-O 12. exd4 Nh5 13. Be3 a6 14. Nc3
Nxd4 15. Bxd4 Bxd4 16. Na4 Nf4 17. Nf3 Bg7 18. g3 Be4 19. gxf4 Bxf3 20. Bh3+
Kb8 21. O-O Bh6 22. Bg2 Bxg2 23. Kxg2 Bxf4 24. Rcd1 Kc7 25. h3 Kc6 26. Kf3 Be5
27. b4 f5 28. Rfe1 Rxd1 29. Rxd1 Bc7 30. Nc3 e6 31. Ne2 e5 32. Nc3 e4+ 33. Ke3
Re8 34. Rd5 Be5 35. b5+ Kc7 36. Na4 Bf6 37. Nb6 Bg5+ 38. Ke2 Rd8 39. a4 h5 40.
Rxd8 Kxd8 41. Nd5 Bh6 42. c6 bxc6 43. bxa6 Kc8 44. Ne7+ Kc7 45. Nxg6 Kb6 46.
Ne7 f4 47. a7 Kxa7 48. Nxc6+ Kb6 49. Ne5 Bg5 50. Nd7+ Kc6 51. Ne5+ Kc5 52. a5
f3+ 53. Kf1 e3 54. Nxf3 Bd8 55. fxe3 Bxa5 56. Ke2 Kxc4 57. e4 Bb6 58. Nd2+ Kd4
59. Kf3 Bc7 60. Nf1 h4 61. Ne3 Ke5 62. Nd5 Bd8 63. Nb4 Bb6 64. Nd3+ Kd4 65. Nf2
Bc7 66. Ng4 Bg3 67. Ne3 Ke5 68. Nf5 Be1 69. Ne3 Bg3 70. Nf5 Be1 71. Ne7 Ke6 72.
Ng6 Kf6 73. Nf4 Ba5 74. Ng2 Kg5 75. Ke3 Bb6+ 76. Kd3 Bf2 77. Kc4 Kf6 78. Kd5
Bg3 79. Ne3 Be1 80. e5+ Ke7 81. Nf5+ Ke8 82. e6 Kd8 83. Kc6 Ke8 84. Kd6 Bb4+
85. Ke5 Be1 86. Kf6 Bc3+ 87. Kg5 Be1 88. Nxh4 Ke7 89. Nf3 Bc3 90. Kf5 Bg7 91.
h4 Bb2 92. h5 Bc1 93. Ng5 Kf8 94. h6 Bb2 95. Kg6 Ke7 96. Kf5 Bc3 97. h7 Kf8 98.
Nf7 1-0

[Event "Campeonato del Mundo Sub-20 2007 Fem."]
[Site "Yerevan ARM"]
[Date "2007.10.15"]
[Round "12.4"]
[White "Arutyunova, Diana"]
[Black "Mongontuul, Bathuyag"]
[Result "0-1"]
[WhiteElo "2256"]
[BlackElo "2405"]
[PlyCount "78"]
[EventDate "2007.10.03"]
[EventType "swiss"]
[EventRounds "13"]
[EventCountry "ARM"]
[Source "lmi"]
[SourceDate "2007.10.03"]

1. e4 c5 2. Nf3 e6 3. d4 cxd4 4. Nxd4 Nc6 5. Nxc6 bxc6 6. Bd3 Nf6 7. Qe2 d5 8.
Nd2 Be7 9. O-O a5 10. Re1 O-O 11. e5 Nd7 12. c3 Qb6 13. Nf3 Ba6 14. Bg5 Bc5 15.
Bh4 Bxd3 16. Qxd3 h6 17. Re2 Rab8 18. h3 a4 19. Nh2 Qb5 20. Qd2 Qc4 21. Ng4
Rfc8 22. Bg3 Rb7 23. Ree1 Rcb8 24. Reb1 Qe4 25. Bf4 h5 26. Nh2 Nb6 27. b4 axb3
28. axb3 Nc4 29. Qc1 Rxb3 30. Rxb3 Rxb3 31. Nf3 Qe2 32. Ra8+ Kh7 33. Bg3 Ne3
34. Nd4 Bxd4 35. cxd4 Nf5 36. Ra4 Rd3 37. Kh2 Nxg3 38. fxg3 Rd1 39. Qg5 Rd2 0-1

[Event "Campeonato del Mundo Sub-20 2007 Fem."]
[Site "Yerevan ARM"]
[Date "2007.10.15"]
[Round "12.5"]
[White "Dauletova, Gulmira"]
[Black "Karavade, Eesha"]
[Result "1-0"]
[WhiteElo "2210"]
[BlackElo "2331"]
[PlyCount "89"]
[EventDate "2007.10.03"]
[EventType "swiss"]
[EventRounds "13"]
[EventCountry "ARM"]
[Source "lmi"]
[SourceDate "2007.10.03"]

1. e4 e5 2. Nf3 Nc6 3. Bb5 a6 4. Ba4 Nf6 5. O-O Be7 6. Re1 b5 7. Bb3 O-O 8. a4
b4 9. d3 d6 10. a5 Be6 11. Nbd2 Rb8 12. c3 bxc3 13. bxc3 Bxb3 14. Nxb3 d5 15.
Qc2 dxe4 16. dxe4 Qd7 17. Nbd2 Qe6 18. Ra4 h6 19. Nc4 Rb5 20. Nh4 Rd8 21. Nf5
Bf8 22. Qe2 Kh7 23. Qc2 g6 24. Nfe3 Bc5 25. h3 Kg7 26. Kh2 Rd7 27. g3 Bb4 28.
Bd2 Bxa5 29. Rea1 Bb6 30. Nxb6 Rxb6 31. Nc4 Rb5 32. Be3 Nb8 33. Nd2 Rd8 34. c4
Rb7 35. Nb3 Nbd7 36. Rxa6 Qe7 37. c5 Nf8 38. Na5 Rb5 39. Nc6 Qe8 40. Nxd8 Qxd8
41. Ra8 Qe7 42. Qc4 Rb2 43. Qc1 Re2 44. Bxh6+ Kh7 45. Bxf8 1-0

[Event "Campeonato del Mundo Sub-20 2007 Fem."]
[Site "Yerevan ARM"]
[Date "2007.10.15"]
[Round "12.11"]
[White "Gomes, Mary Ann"]
[Black "Tjolsen, Katrine"]
[Result "1-0"]
[WhiteElo "2262"]
[BlackElo "2081"]
[PlyCount "111"]
[EventDate "2007.10.03"]
[EventType "swiss"]
[EventRounds "13"]
[EventCountry "ARM"]
[Source "lmi"]
[SourceDate "2007.10.03"]

1. Nf3 c5 2. c4 Nc6 3. Nc3 g6 4. g3 Bg7 5. Bg2 d6 6. O-O e5 7. d3 Nge7 8. e4
O-O 9. Be3 Rb8 10. Qd2 a6 11. Nh4 Nd4 12. f4 exf4 13. Bxf4 Ne6 14. Bh6 Nc6 15.
Nd5 Ne5 16. Bh3 b5 17. Bxg7 Kxg7 18. Rf6 Nd4 19. Bg2 bxc4 20. dxc4 Nxc4 21. Qg5
Be6 22. Raf1 Ne5 23. Qd2 Ng4 24. R6f4 g5 25. Rxg4 Bxg4 26. Nf6 Ne2+ 27. Kh1 Nf4
28. Nxg4 gxh4 29. Qxf4 f5 30. exf5 hxg3 31. f6+ Kh8 32. hxg3 Rb4 33. Qg5 Rxg4
34. Qxg4 Rxf6 35. Rxf6 Qxf6 36. Qc8+ Kg7 37. Qb7+ Kh8 38. Qxa6 Qh6+ 39. Kg1
Qe3+ 40. Kf1 Qxg3 41. Qc8+ Kg7 42. Qf5 Qe3 43. Qg4+ Kh8 44. Qc4 Qg5 45. a4 Qf6+
46. Kg1 Qxb2 47. Qf7 Qc1+ 48. Kh2 Qh6+ 49. Kg3 Qe3+ 50. Bf3 Qe5+ 51. Kh3 h6 52.
a5 Qe1 53. a6 Qf1+ 54. Kg4 Qg1+ 55. Kf5 Qb1+ 56. Ke6 1-0

[Event "Campeonato del Mundo Sub-20 2007 Fem."]
[Site "Yerevan ARM"]
[Date "2007.10.15"]
[Round "12.12"]
[White "Padmini, Rout"]
[Black "Kulon, Klaudia"]
[Result "0-1"]
[WhiteElo "2226"]
[BlackElo "2139"]
[PlyCount "128"]
[EventDate "2007.10.03"]
[EventType "swiss"]
[EventRounds "13"]
[EventCountry "ARM"]
[Source "lmi"]
[SourceDate "2007.10.03"]

1. e4 e5 2. Nf3 Nc6 3. Bb5 a6 4. Ba4 Nf6 5. O-O b5 6. Bb3 Be7 7. Re1 d6 8. c3
O-O 9. h3 Na5 10. Bc2 c5 11. d4 Qc7 12. Nbd2 cxd4 13. cxd4 Nc6 14. Nb3 a5 15.
Be3 a4 16. Nbd2 Bd7 17. Rc1 Rac8 18. d5 Nb4 19. Bb1 Qb7 20. Nf1 Rxc1 21. Bxc1
Rc8 22. Bd2 Na6 23. Ng3 b4 24. Nh2 Bd8 25. Nhf1 Bb6 26. Ne3 g6 27. Bc2 Bd4 28.
Bxa4 Bxa4 29. Qxa4 Nc5 30. Qd1 Nfxe4 31. Nxe4 Nxe4 32. Ng4 f5 33. Rxe4 fxe4 34.
Nf6+ Kg7 35. Nxe4 Qxd5 36. Qg4 Rf8 37. Bxb4 h5 38. Qh4 Rf4 39. Qe7+ Rf7 40. Qh4
Qb7 41. Bc3 Bxc3 42. Nxc3 Rf4 43. Qg3 Qxb2 44. Nd5 h4 45. Qe3 Rd4 46. Nc3 Rc4
47. Qa7+ Kh6 48. Qe3+ g5 49. Ne2 Rc2 50. Qf3 Kg7 51. Qf5 Rxe2 52. Qd7+ Kf6 53.
Qxd6+ Kf5 54. Qd7+ Ke4 55. Qc6+ Kd3 56. Qg6+ e4 57. Qa6+ Kd2 58. Qa5+ Kc1 59.
Qxg5+ Qd2 60. Qc5+ Kb1 61. Qb5+ Qb2 62. Qf5 Re1+ 63. Kh2 Qb8+ 64. f4 Qb6 0-1

[Event "Campeonato del Mundo Sub-20 2007 Fem."]
[Site "Yerevan ARM"]
[Date "2007.10.15"]
[Round "12.13"]
[White "Limontaite, Simona"]
[Black "Hoolt, Sarah"]
[Result "1-0"]
[WhiteElo "2141"]
[BlackElo "2199"]
[PlyCount "89"]
[EventDate "2007.10.03"]
[EventType "swiss"]
[EventRounds "13"]
[EventCountry "ARM"]
[Source "lmi"]
[SourceDate "2007.10.03"]

1. d4 Nf6 2. c4 g6 3. Nc3 d5 4. cxd5 Nxd5 5. Bd2 Nb6 6. Bg5 Bg7 7. Nf3 Nc6 8.
e3 O-O 9. Be2 h6 10. Bh4 Be6 11. O-O Rc8 12. Ne4 Na5 13. Nc5 Bd5 14. e4 Bc4 15.
Rc1 Bxe2 16. Qxe2 Nd7 17. b4 Nxc5 18. dxc5 Nc6 19. Rfd1 Qe8 20. b5 Nb8 21. e5
c6 22. a4 f5 23. Qc4+ Kh8 24. Qe6 Qf7 25. Qxe7 Rce8 26. Qd6 g5 27. Bxg5 hxg5
28. Nxg5 Qe7 29. Qg6 Bxe5 30. Rd3 Qg7 31. Qh5+ Kg8 32. Nh3 Re6 33. f4 Rg6 34.
fxe5 Rxg2+ 35. Kh1 Rg4 36. Rg1 Nd7 37. e6 Ne5 38. Rdg3 Qf6 39. Ng5 Qg7 40. Nh3
Rf6 41. Nf2 Rgg6 42. e7 Re6 43. e8=Q+ Rxe8 44. Rxg6 Nxg6 45. Rxg6 1-0

[Event "Campeonato del Mundo Sub-20 2007 Fem."]
[Site "Yerevan ARM"]
[Date "2007.10.15"]
[Round "12.15"]
[White "Airapetian, Tatevik"]
[Black "Rudolf, Anna"]
[Result "0-1"]
[WhiteElo "2193"]
[BlackElo "2273"]
[PlyCount "58"]
[EventDate "2007.10.03"]
[EventType "swiss"]
[EventRounds "13"]
[EventCountry "ARM"]
[Source "lmi"]
[SourceDate "2007.10.03"]

1. e4 c6 2. d4 d5 3. f3 g6 4. Nc3 Bg7 5. Be3 Nf6 6. e5 Nfd7 7. Qd2 e6 8. O-O-O
c5 9. dxc5 Bxe5 10. f4 Bg7 11. g4 Nc6 12. Nge2 Qa5 13. Kb1 O-O 14. Bg2 b6 15.
cxb6 axb6 16. Nd4 Bb7 17. Nxc6 Bxc6 18. Bd4 e5 19. fxe5 Nxe5 20. Qf4 f6 21. h4
Rf7 22. Rhf1 Nc4 23. g5 b5 24. Bxf6 b4 25. Bxd5 Bxd5 26. Rxd5 Qa6 27. Na4 Ne3
28. Rfd1 Nxd5 29. Rxd5 Bxf6 0-1

[Event "Campeonato del Mundo Sub-20 2007 Fem."]
[Site "Yerevan ARM"]
[Date "2007.10.15"]
[Round "12.16"]
[White "Martirosian, Lia"]
[Black "Borosova, Zuzana"]
[Result "1/2-1/2"]
[WhiteElo "2121"]
[BlackElo "2233"]
[PlyCount "90"]
[EventDate "2007.10.03"]
[EventType "swiss"]
[EventRounds "13"]
[EventCountry "ARM"]
[Source "lmi"]
[SourceDate "2007.10.03"]

1. d4 Nf6 2. Nf3 e6 3. Bg5 h6 4. Bh4 b6 5. Nbd2 Bb7 6. e3 Be7 7. Bd3 d5 8. Ne5
a6 9. Qe2 Nbd7 10. Bg3 c5 11. c3 Nxe5 12. dxe5 Nd7 13. Qg4 g6 14. h4 h5 15. Qe2
Qc7 16. Nf3 Bc6 17. Bf4 Bf8 18. e4 Bg7 19. exd5 Bxd5 20. Be4 Bxe4 21. Qxe4 Rc8
22. c4 b5 23. b3 Qa5+ 24. Bd2 Qc7 25. Bf4 Qa5+ 26. Bd2 Qc7 27. Bc3 Qc6 28. Qe2
bxc4 29. bxc4 Rb8 30. O-O O-O 31. Rfd1 Qa4 32. Rac1 Nb6 33. Ba1 Rfd8 34. Re1
Bh6 35. Rc2 Qc6 36. Bb2 Rb7 37. Bc1 Bxc1 38. Rexc1 Rbd7 39. Kh2 Nc8 40. Rb1 Ne7
41. Rcb2 Nf5 42. Rb6 Qa4 43. Qe4 Nd4 44. Ng5 Qxc4 45. Qf4 Qc2 1/2-1/2

[Event "Campeonato del Mundo Sub-20 2007 Fem."]
[Site "Yerevan ARM"]
[Date "2007.10.15"]
[Round "12.17"]
[White "Hairapetian, Anna"]
[Black "Kalashyan, Varduhi"]
[Result "1-0"]
[WhiteElo "2030"]
[BlackElo "2059"]
[PlyCount "41"]
[EventDate "2007.10.03"]
[EventType "swiss"]
[EventRounds "13"]
[EventCountry "ARM"]
[Source "lmi"]
[SourceDate "2007.10.03"]

1. e4 c5 2. Nc3 d6 3. g3 g6 4. Bg2 Bg7 5. d3 Nc6 6. Nh3 e6 7. O-O Nge7 8. Be3
O-O 9. Qd2 Re8 10. Bh6 Bh8 11. Rae1 Rb8 12. f4 Qb6 13. f5 Bd4+ 14. Kh1 Qxb2 15.
Nd1 Qxa2 16. f6 Qa5 17. c3 Be5 18. Bg5 Bd7 19. Bh4 Qd8 20. Qh6 Nf5 21. Rxf5 1-0

[Event "Campeonato del Mundo Sub-20 2007 Fem."]
[Site "Yerevan ARM"]
[Date "2007.10.15"]
[Round "12.19"]
[White "Grigorian, Marine"]
[Black "Khalaji, Hanieh"]
[Result "0-1"]
[WhiteElo "2078"]
[BlackElo "1872"]
[PlyCount "178"]
[EventDate "2007.10.03"]
[EventType "swiss"]
[EventRounds "13"]
[EventCountry "ARM"]
[Source "lmi"]
[SourceDate "2007.10.03"]

1. e4 c6 2. d4 d5 3. e5 Bf5 4. Nf3 e6 5. Be2 Ne7 6. O-O Nd7 7. Be3 Bg6 8. Nh4
c5 9. c3 Nc6 10. Nxg6 hxg6 11. Nd2 cxd4 12. cxd4 Qb6 13. Bd3 Be7 14. Qb3 Qxb3
15. Nxb3 Nb4 16. Bb1 Nb6 17. a3 Nc6 18. Nd2 Kd7 19. f4 Rac8 20. Bd3 a6 21. b4
Na7 22. Rfc1 Nb5 23. Nb3 Rxc1+ 24. Bxc1 Rc8 25. Nc5+ Bxc5 26. dxc5 Na4 27. Bc2
Nbc3 28. Bd2 Kc6 29. Kf1 d4 30. Bxa4+ Nxa4 31. Ke2 Kd5 32. Kd3 Nb2+ 33. Kc2 Nc4
34. Kd3 g5 35. a4 gxf4 36. Bxf4 Nxe5+ 37. Bxe5 Kxe5 38. Kc4 Rd8 39. Re1+ Kf6
40. Rf1+ Ke7 41. Re1 f6 42. b5 axb5+ 43. axb5 e5 44. g4 Ke6 45. b6 d3 46. Kc3
Rd5 47. c6 d2 48. Rd1 bxc6 49. b7 Rb5 50. Rxd2 Rxb7 51. Kc4 Rd7 52. Rg2 Rd5 53.
h4 Kd6 54. h5 Rd4+ 55. Kc3 Ke6 56. g5 Rh4 57. h6 g6 58. gxf6 Kxf6 59. Ra2 Ke6
60. Ra6 Kd6 61. Ra8 Rxh6 62. Rd8+ Kc5 63. Re8 Rh5 64. Re6 Rg5 65. Kd3 Kd5 66.
Re8 Rg3+ 67. Ke2 Ke4 68. Re7 Rc3 69. Re8 Kf5 70. Rf8+ Kg4 71. Re8 Rc5 72. Rg8
g5 73. Ke3 Kh4 74. Kf3 e4+ 75. Kxe4 g4 76. Kf4 Rc4+ 77. Ke3 Kg3 78. Ke2 Kg2 79.
Re8 g3 80. Rh8 Kg1 81. Rg8 g2 82. Rh8 c5 83. Rh5 Rc3 84. Kd2 Rg3 85. Ke2 c4 86.
Rh4 c3 87. Rh8 c2 88. Rh7 c1=Q 89. Rh1+ Kxh1 0-1

[Event "Campeonato del Mundo Sub-20 2007 Fem."]
[Site "Yerevan ARM"]
[Date "2007.10.15"]
[Round "12.20"]
[White "Alaverdyan, Lusine"]
[Black "Markantonaki, Haritomeni"]
[Result "1-0"]
[WhiteElo "1990"]
[BlackElo "2161"]
[PlyCount "57"]
[EventDate "2007.10.03"]
[EventType "swiss"]
[EventRounds "13"]
[EventCountry "ARM"]
[Source "lmi"]
[SourceDate "2007.10.03"]

1. e4 c5 2. Nf3 e6 3. d4 cxd4 4. Nxd4 Nf6 5. Nc3 Nc6 6. Be3 Bb4 7. f3 d5 8. Bb5
Bd7 9. Bxc6 bxc6 10. e5 Ng8 11. Nb3 Qc7 12. f4 f6 13. O-O fxe5 14. Qg4 exf4 15.
Bxf4 Qb6+ 16. Kh1 O-O-O 17. Qxg7 Ne7 18. Na4 Qb5 19. Qe5 Qb7 20. Nbc5 Bxc5 21.
Nxc5 Qb6 22. Nxd7 Kxd7 23. Qd6+ Ke8 24. Qxe6 c5 25. Qe5 Rf8 26. Bg5 Rxf1+ 27.
Rxf1 Qd6 28. Qg7 Qe6 29. Bh4 1-0

[Event "Campeonato del Mundo Sub-20 2007 Fem."]
[Site "Yerevan ARM"]
[Date "2007.10.16"]
[Round "13.1"]
[White "Nebolsina, Vera"]
[Black "Tairova, Elena"]
[Result "1/2-1/2"]
[WhiteElo "2349"]
[BlackElo "2391"]
[PlyCount "124"]
[EventDate "2007.10.03"]
[EventType "swiss"]
[EventRounds "13"]
[EventCountry "ARM"]
[Source "lmi"]
[SourceDate "2007.10.03"]

1. d4 d5 2. Nf3 Nf6 3. c4 c6 4. e3 Bf5 5. Bd3 e6 6. O-O Bd6 7. Bxf5 exf5 8. Qd3
Qd7 9. b3 O-O 10. Ba3 Bxa3 11. Nxa3 f4 12. Nc2 Qd6 13. Ne5 fxe3 14. Nxe3 Nbd7
15. Nf5 Nxe5 16. Qg3 Nf3+ 17. Qxf3 Qc7 18. Rfe1 Rfe8 19. Qg3 Qxg3 20. hxg3 Rad8
21. c5 Ne4 22. f3 Nf6 23. Kf2 Kf8 24. g4 h6 25. Rec1 Re6 26. Rc2 Nh7 27. Re1
Ng5 28. Nd6 Rxe1 29. Kxe1 Ne6 30. Rd2 Rb8 31. Ke2 b6 32. cxb6 axb6 33. Nf5 Ke8
34. Kd3 Kd7 35. Kc3 Rh8 36. Ng3 g6 37. Nh1 h5 38. Nf2 h4 39. Nh3 f6 40. a4 Kd6
41. b4 Ra8 42. Ra2 g5 43. Nf2 Nc7 44. Nd1 Re8 45. a5 bxa5 46. bxa5 Ne6 47. Ne3
Nf4 48. Nf5+ Kc7 49. a6 Kb8 50. Nd6 Rd8 51. Nb7 Rc8 52. Nc5 Rc7 53. Kb4 Ka7 54.
Ka5 Re7 55. Rb2 Ne2 56. Rb4 Nc3 57. Rb6 Nb5 58. Rxc6 Nxd4 59. Rxf6 Rc7 60. Nd3
Nc6+ 61. Kb5 Nd4+ 62. Ka5 Nc6+ 1/2-1/2